Central Library OPAC University of Rajshahi

The Borough of Stratford-upon-Avon and the Parish of Alveston / (Record no. 31197)

MARC details
000 -LEADER
fixed length control field 00991cam a22002891 4500
001 - CONTROL NUMBER
control field 31197
003 - CONTROL NUMBER IDENTIFIER
rucl marc code BD-RjUL
005 - DATE AND TIME OF LATEST TRANSACTION
control field 20211209051654.0
008 - FIXED-LENGTH DATA ELEMENTS--GENERAL INFORMATION
fixed length control field 140413s1946 enkabf b 000 0 eng
035 ## - SYSTEM CONTROL NUMBER
System control number (BD-RjUL)31284
System control number (OCoLC)492908
040 ## - CATALOGING SOURCE
Original cataloging agency DLC
Transcribing agency OAkU
Modifying agency OCoLC
-- DLC
-- BD-RjUL
Language of cataloging eng
041 ## - LANGUAGE CODE
Language code of text/sound track or separate title eng
082 ## - DEWEY DECIMAL CLASSIFICATION NUMBER
Classification number 942.48
Author mark and year STB 1946
100 1# - MAIN ENTRY--PERSONAL NAME
Personal name Styles, Philip.
9 (RLIN) 88558
245 14 - TITLE STATEMENT
Title The Borough of Stratford-upon-Avon and the Parish of Alveston /
Statement of responsibility, etc. the architectural descriptions are by J.W. Bloe.
260 ## - PUBLICATION, DISTRIBUTION, ETC. (IMPRINT)
Place of publication, distribution, etc. London :
Name of publisher, distributor, etc. Oxford Univ. Press,
Date of publication, distribution, etc. 1946.
300 ## - PHYSICAL DESCRIPTION
Pagination 72 p. :
Illustrations ill. ;
Size 31 cm.
500 ## - GENERAL NOTE
General note "Reprinted from the Victoria County history of Warwickshire, volume III (1945)"--Slip inserted.
504 ## - BIBLIOGRAPHY, ETC. NOTE
Bibliography, etc Bibliographical footnotes.
610 10 - SUBJECT ADDED ENTRY--CORPORATE NAME
Corporate name or jurisdiction name as entry element Alveston (Warwickshire, England)
651 #0 - SUBJECT ADDED ENTRY--GEOGRAPHIC NAME
Geographic name Stratford-upon-Avon (England)
9 (RLIN) 94881
700 1# - ADDED ENTRY--PERSONAL NAME
Personal name Bloe, John William.
942 ## - ADDED ENTRY ELEMENTS (KOHA)
Source of classification or shelving scheme Dewey Decimal Classification
Koha item type Books
Holdings
Lost status Source of classification or shelving scheme Damaged status Not for loan Collection code Permanent Location Current Location Shelving location Date acquired Source of acquisition Cost, normal purchase price Total Checkouts Full call number Date last seen Copy number Koha item type
  Dewey Decimal Classification   Not For Loan Non-fiction Central Library, University of Rajshahi Central Library, University of Rajshahi Reading Room 20/06/1955 O. U. P 11.40   942.48 STB 1946 13/04/2014 C-1 Books